|
|
|
|
| LEADER |
00000nam0a2200000 4500 |
| 001 |
157726 |
| 005 |
20231101222003.0 |
| 035 |
|
|
|a (RuTPU)RU\TPU\book\171084
|
| 090 |
|
|
|a 157726
|
| 100 |
|
|
|a 20090413d1968 m y0rusy50 ca
|
| 101 |
1 |
|
|a rus
|c ita
|
| 102 |
|
|
|a RU
|
| 105 |
|
|
|a y z 001ay
|
| 200 |
1 |
|
|a Фьямметта. Фьезоланские нимфы
|e пер. с итал.
|f Дж. Боккаччо
|g Академия наук СССР (АН СССР) ; изд. подготовили И. Н. Голенищев-Кутузов ; А. Д. Михайлов
|
| 210 |
|
|
|a Москва
|c Наука
|d 1968
|
| 215 |
|
|
|a 325 с.
|
| 225 |
1 |
|
|a Литературные памятники
|e ЛП
|
| 320 |
|
|
|a Библиогр.в примеч.: с. 302-324
|
| 610 |
1 |
|
|a итальянская литература
|
| 610 |
1 |
|
|a литературные памятники
|
| 610 |
1 |
|
|a повести
|
| 610 |
1 |
|
|a поэмы
|
| 675 |
|
|
|a 85
|v 3
|
| 700 |
|
1 |
|a Боккаччо
|b Дж.
|c итальянский поэт и писатель
|f 1313-1375
|g Джованни
|2 stltpush
|3 (RuTPU)RU\TPU\pers\9961
|9 2101
|
| 702 |
|
1 |
|a Голенищев-Кутузов
|b И. Н.
|4 010
|
| 702 |
|
1 |
|a Михайлов
|b А. Д.
|4 010
|
| 712 |
0 |
2 |
|a Академия наук СССР (АН СССР)
|2 stltpush
|3 (RuTPU)RU\TPU\col\722
|
| 801 |
|
1 |
|a RU
|b 63413507
|c 20090413
|g PSBO
|
| 942 |
|
|
|c BK
|